[Event "Estonian-ch Women 2020"]
[Site "Paul Kerese Malemaja"]
[Date "2020.08.13"]
[Round "6.2"]
[White "Sinitsina, Anastassia"]
[Black "Bashkite, Viktoria"]
[Result "1-0"]
[WhiteElo "2175"]
[BlackElo "2186"]
[Annotator "ChessBase"]
[PlyCount "89"]
[EventDate "2020.08.09"]
[EventCountry "EST"]
[SourceTitle "playchess.com"]
[Source "ChessBase"]
[SourceQuality "1"]
[TimeControl "40/5400+30:900+30"]

1. e4 {[%emt 0:03:27]} c5 {[%emt 0:00:00]} 2. Nf3 {[%emt 0:00:13]} Nc6 {[%emt 0:00:00]} 3. d4 {[%emt 0:00:16]} cxd4 {[%emt 0:00:11]} 4. Nxd4 {[%emt 0:00:08]} d5 {[%emt 0:00:20]} 5. Nxc6 {[%emt 0:01:51]} bxc6 {[%emt 0:00:10]} 6. exd5 {[%emt 0:00:10]} Qxd5 {[%emt 0:01:08]} 7. Nc3 {[%emt 0:08:08]} Qxd1+ {[%emt 0:00:21]} 8. Nxd1 {[%emt 0:00:10]} e5 {[%emt 0:00:48]} 9. Bc4 {[%emt 0:00:32]} Nf6 {[%emt 0:02:58]} 10. O-O {[%emt 0:00:24]} Bc5 {[%emt 0:01:09]} 11. Re1 {[%emt 0:01:21]} Nd7 {[%emt 0:05:04]} 12. Be3 {[%emt 0:00:31]} Bb4 {[%emt 0:05:05]} 13. c3 {[%emt 0:01:45]} Bd6 {[%emt 0:00:22]} 14. f3 {[%emt 0:02:01]} Nb6 {[%emt 0:09:34]} 15. Bb3 {[%emt 0:01:17]} Nd5 {[%emt 0:31:15]} 16. Bf2 {[%emt 0:03:28]} Be6 {[%emt 0:01:28]} 17. Ne3 {[%emt 0:01:00]} Ke7 {[%emt 0:03:53]} 18. Nc4 {[%emt 0:01:37]} f6 {[%emt 0:01:52]} 19. Na5 {[%emt 0:02:29]} Rhc8 {[%emt 0:03:34]} 20. Rad1 {[%emt 0:00:44]} Nf4 {[%emt 0:04:15]} 21. Ba4 {[%emt 0:04:07]} Bd5 {[%emt 0:20:00]} 22. a3 {[%emt 0:07:23]} Rab8 {[%emt 0:00:48]} 23. Rd2 {[%emt 0:03:49]} c5 {[%emt 0:02:50]} 24. Be3 {[%emt 0:02:15]} Bc7 {[%emt 0:03:53]} 25. Bxf4 {[%emt 0:01:58]} Bxa5 {[%emt 0:00:04]} 26. Rxd5 {[%emt 0:00:28]} Rxb2 {[%emt 0:00:04]} 27. Rd7+ {[%emt 0:04:12]} Ke6 {[%emt 0:00:13]} 28. Rxa7 {[%emt 0:01:43]} Bxc3 {[%emt 0:00:11]} 29. Bd7+ {[%emt 0:00:18]} Kd6 {[%emt 0:00:05]} 30. Rd1+ {[%emt 0:00:50]} Bd4+ {[%emt 0:00:08]} 31. Rxd4+ {[%emt 0:00:52]} cxd4 {[%emt 0:00:08]} 32. Bxc8 {[%emt 0:00:12]} exf4 {[%emt 0:00:05]} 33. Rxg7 {[%emt 0:00:35]} Kd5 {[%emt 0:01:03]} 34. Bf5 {[%emt 0:00:12]} Ke5 {[%emt 0:00:27]} 35. Be4 {[%emt 0:00:26]} Ra2 {[%emt 0:00:39]} 36. h4 {[%emt 0:00:16]} h6 {[%emt 0:00:25]} 37. Re7+ {[%emt 0:00:10]} Kd6 {[%emt 0:00:05]} 38. Rh7 {[%emt 0:00:10]} Rxa3 {[%emt 0:00:16]} 39. Rxh6 {[%emt 0:00:06]} Ke6 {[%emt 0:02:10]} 40. Rh8 {[%emt 0:00:00]} f5 {[%emt 0:00:00]} 41. Rh6+ {[%emt 0:00:31]} Ke5 {[%emt 0:01:00]} 42. Rh5 {[%emt 0:00:06]} d3 {[%emt 0:00:04]} 43. Rxf5+ {[%emt 0:00:02]} Kd4 {[%emt 0:00:06]} 44. Rd5+ {[%emt 0:00:06]} Ke3 {[%emt 0:00:05]} 45. Rxd3+ {[%emt 0:00:08]} 1-0

[Event "Estonian-ch Women 2020"]
[Site "Paul Kerese Malemaja"]
[Date "2020.08.13"]
[Round "6.3"]
[White "Olde, Margareth"]
[Black "Narva, Triin"]
[Result "1-0"]
[WhiteElo "2201"]
[BlackElo "2107"]
[Annotator "ChessBase"]
[PlyCount "59"]
[EventDate "2020.08.09"]
[EventCountry "EST"]
[SourceTitle "playchess.com"]
[Source "ChessBase"]
[SourceQuality "1"]
[TimeControl "40/5400+30:900+30"]

1. c4 {[%emt 0:00:00]} Nf6 {[%emt 0:00:00]} 2. Nc3 {[%emt 0:00:00]} g6 {[%emt 0:00:01]} 3. e4 {[%emt 0:00:00]} d6 {[%emt 0:00:05]} 4. d4 {[%emt 0:00:06]} Bg7 {[%emt 0:00:09]} 5. h3 {[%emt 0:00:08]} O-O {[%emt 0:00:18]} 6. Be3 {[%emt 0:00:17]} c5 {[%emt 0:00:29]} 7. d5 {[%emt 0:00:14]} e6 {[%emt 0:00:24]} 8. Nf3 {[%emt 0:00:12]} Na6 {[%emt 0:00:49]} 9. Be2 {[%emt 0:03:17]} Nc7 {[%emt 0:02:11]} 10. O-O {[%emt 0:01:09]} b6 {[%emt 0:05:50]} 11. dxe6 {[%emt 0:15:26]} Nxe6 {[%emt 0:22:45]} 12. Qd3 {[%emt 0:07:47]} Bb7 {[%emt 0:10:04]} 13. Rad1 {[%emt 0:04:47]} Re8 {[%emt 0:05:43]} 14. Rfe1 {[%emt 0:08:16]} h6 {[%emt 0:09:33]} 15. Bf1 {[%emt 0:03:46]} Re7 {[%emt 0:16:19]} 16. Nd5 {[%emt 0:07:40]} Nxd5 {[%emt 0:03:28]} 17. exd5 {[%emt 0:02:08]} Nf8 {[%emt 0:00:09]} 18. Qd2 {[%emt 0:02:32]} Kh7 {[%emt 0:01:07]} 19. Bf4 {[%emt 0:02:01]} Bc8 {[%emt 0:16:57]} 20. Bd3 {[%emt 0:01:16]} a5 {[%emt 0:02:02]} 21. Bg3 {[%emt 0:04:10]} Ba6 {[%emt 0:01:33]} 22. Qf4 {[%emt 0:07:18]} Rd7 {[%emt 0:00:22]} 23. Bh4 {[%emt 0:04:47]} Qb8 {[%emt 0:00:39]} 24. Re2 {[%emt 0:04:00]} Raa7 {[%emt 0:00:30]} 25. Rde1 {[%emt 0:00:39]} b5 {[%emt 0:00:30]} 26. Re8 {[%emt 0:01:45]} Qb6 {[%emt 0:00:29]} 27. Be7 {[%emt 0:03:01]} bxc4 {[%emt 0:00:25]} 28. Qxf7 {[%emt 0:01:05]} cxd3 {[%emt 0:00:33]} 29. Rxf8 {[%emt 0:00:36]} h5 {[%emt 0:00:35]} 30. Qg8+ {[%emt 0:00:10]} 1-0

[Event "Estonian-ch Women 2020"]
[Site "Paul Kerese Malemaja"]
[Date "2020.08.13"]
[Round "6.4"]
[White "Ivanova, Lidia"]
[Black "Blokhin, Sofia"]
[Result "0-1"]
[WhiteElo "1430"]
[BlackElo "1786"]
[Annotator "NA"]
[PlyCount "106"]
[EventDate "2020.08.09"]
[EventCountry "EST"]
[SourceTitle "playchess.com"]
[Source "ChessBase"]
[SourceQuality "1"]
[TimeControl "40/5400+30:900+30"]

1. e4 {[%emt 0:00:00]} c5 {[%emt 0:00:00]} 2. Nf3 {[%emt 0:00:00]} e6 {[%emt 0:00:00]} 3. d3 {[%emt 0:00:00]} Nc6 {[%emt 0:00:30]} 4. g3 {[%emt 0:00:05]} g6 {[%emt 0:00:09]} 5. Bg2 {[%emt 0:00:06]} Bg7 {[%emt 0:00:08]} 6. O-O {[%emt 0:00:24]} Nge7 {[%emt 0:00:17]} 7. c3 {[%emt 0:00:28]} O-O {[%emt 0:00:23]} 8. Re1 {[%emt 0:00:16]} d5 {[%emt 0:00:42]} 9. e5 {[%emt 0:00:33]} f6 {[%emt 0:03:36]} 10. exf6 {[%emt 0:00:17]} Bxf6 {[%emt 0:00:08]} 11. Bf4 {[%emt 0:00:40]} Nf5 {[%emt 0:01:58]} 12. Na3 {[%emt 0:07:04]} a6 {[%emt 0:05:00]} 13. Nc2 {[%emt 0:06:50]} Bd7 {[%emt 0:04:01]} 14. h4 {[%emt 0:08:46]} Qb6 {[%emt 0:07:05]} 15. Rb1 {[%emt 0:04:46]} Ng7 {[%emt 0:04:15]} 16. Qd2 {[%emt 0:19:54]} Nh5 {[%emt 0:04:35]} 17. Be5 {[%emt 0:06:09]} Nxe5 {[%emt 0:04:08]} 18. Nxe5 {[%emt 0:00:06]} Bxe5 {[%emt 0:00:42]} 19. Rxe5 {[%emt 0:00:07]} Rf6 {[%emt 0:02:23]} 20. Ne3 {[%emt 0:04:43]} Rff8 {[%emt 0:08:03]} 21. Ng4 {[%emt 0:05:58]} Nf6 {[%emt 0:01:27]} 22. Nxf6+ {[%emt 0:02:18]} Rxf6 {[%emt 0:00:09]} 23. h5 {[%emt 0:00:27]} Raf8 {[%emt 0:02:49]} 24. Rf1 {[%emt 0:02:18]} Be8 {[%emt 0:00:54]} 25. h6 {[%emt 0:05:17]} Bd7 {[%emt 0:02:40]} 26. Bh3 {[%emt 0:02:56]} a5 {[%emt 0:01:08]} 27. Qe2 {[%emt 0:02:49]} Qd6 {[%emt 0:03:08]} 28. f4 {[%emt 0:01:22]} b5 {[%emt 0:02:49]} 29. Re1 {[%emt 0:00:12]} Re8 {[%emt 0:00:44]} 30. f5 {[%emt 0:03:39]} gxf5 {[%emt 0:06:13]} 31. Bxf5 {[%emt 0:00:34]} Rxh6 {[%emt 0:00:16]} 32. g4 {[%emt 0:09:14]} Qe7 {[%emt 0:01:22]} 33. Qg2 {[%emt 0:01:11]} Kh8 {[%emt 0:01:10]} 34. Qxd5 {[%emt 0:03:13]} Qh4 {[%emt 0:01:27]} 35. Qg2 {[%emt 0:00:59]} Rg8 {[%emt 0:01:20]} 36. Kf1 {[%emt 0:03:25]} exf5 {[%emt 0:00:29]} 37. Re7 {[%emt 0:00:27]} Bc6 {[%emt 0:00:36]} 38. Qg1 {[%emt 0:00:44]} Rxg4 {[%emt 0:02:14]} 39. Qe3 {[%emt 0:00:35]} Qh3+ {[%emt 0:02:26]} 40. Qxh3 {[%emt 0:00:00]} Rxh3 {[%emt 0:00:00]} 41. R1e6 {[%emt 0:01:18]} Rh1+ {[%emt 0:01:54]} 42. Kf2 {[%emt 0:01:21]} Rg2+ {[%emt 0:00:19]} 43. Ke3 {[%emt 0:00:14]} Re1+ {[%emt 0:00:36]} 44. Kf4 {[%emt 0:00:08]} Rxe6 {[%emt 0:00:35]} 45. Rxe6 {[%emt 0:00:10]} Bd7 {[%emt 0:01:11]} 46. Re7 {[%emt 0:00:44]} Rg7 {[%emt 0:00:07]} 47. Re5 {[%emt 0:00:20]} h5 {[%emt 0:00:39]} 48. Re3 {[%emt 0:03:28]} Rg4+ {[%emt 0:00:22]} 49. Ke5 {[%emt 0:00:32]} c4 {[%emt 0:00:28]} 50. d4 {[%emt 0:00:51]} Re4+ {[%emt 0:00:43]} 51. Rxe4 {[%emt 0:00:16]} fxe4 {[%emt 0:00:05]} 52. Kxe4 {[%emt 0:00:06]} h4 {[%emt 0:00:09]} 53. Kf4 {[%emt 0:01:25]} h3 {[%emt 0:00:06]} 0-1

[Event "Estonian-ch Women 2020"]
[Site "Paul Kerese Malemaja"]
[Date "2020.08.14"]
[Round "7.1"]
[White "Bashkite, Viktoria"]
[Black "Olde, Grete"]
[Result "1-0"]
[WhiteElo "2186"]
[BlackElo "1968"]
[Annotator "TA"]
[PlyCount "27"]
[EventDate "2020.08.09"]
[EventCountry "EST"]
[SourceTitle "playchess.com"]
[Source "ChessBase"]
[SourceQuality "1"]

{[%evp 1,1,-2]} 1. c4 {A rather calm draw.} {Predecessor:} Nf6 2. g3 c6 3. Bg2 d5 4. Nf3 Bf5 5. Qb3 Qb6 6. d3 {A11: English Opening: 1...c6.} e6 7. Be3 Qxb3 8. axb3 a6 9. Bd4 Nbd7 10. Bc3 Bd6 11. Nh4 Bg4 12. h3 Bh5 13. g4 Bg6 14. Nd2 {½-½ (54) Nepomniachtchi,I (2784)-Carlsen,M (2863) chess24.com INT 2020} 1-0

[Event "Estonian-ch Women 2020"]
[Site "Paul Kerese Malemaja"]
[Date "2020.08.14"]
[Round "7.2"]
[White "Narva, Mai"]
[Black "Olde, Margareth"]
[Result "1/2-1/2"]
[WhiteElo "2333"]
[BlackElo "2201"]
[Annotator "TA"]
[PlyCount "99"]
[EventDate "2020.08.09"]
[EventCountry "EST"]
[SourceTitle "playchess.com"]
[Source "ChessBase"]
[SourceQuality "1"]

{[%evp 13,99,65,70,32,49,42,59,59,59,72,77,62,55,66,60,61,51,27,34,25,34,28,41,33,81,78,197,67,81,81,124,106,98,83,85,78,76,72,72,72,73,75,66,66,131,127,191,182,171,171,172,145,194,221,182,172,221,242,460,414,1056,1235,1241,1049,4362,2448,693,117,902,18,18,18,18,18,18,18,18,18,18,18,18,18,18,0,18,18,18,0]} 1. e4 e5 2. Nf3 Nc6 3. Bc4 Bc5 4. c3 d6 5. d4 exd4 6. cxd4 Bb4+ 7. Nc3 Nf6 8. Qd3 {C53: Giuoco Piano sidelines.} O-O 9. O-O Bg4 10. Bg5 {Threatens to win with Nd5.White is slightly better.} h6 11. Bh4 Bxf3 12. gxf3 Bxc3 13. bxc3 g5 14. Bg3 Nh5 {[#]} 15. Bd5 $146 ({Predecessor:} 15. Bb3 Nf4 16. Bxf4 gxf4 17. Kh1 Kh8 18. Bc2 f6 19. Qd2 Ne7 20. Qxf4 Ng8 21. Rg1 {1-0 (27) Lavendelis,E (2290)-Dombrovska,S (1653) Olaine 2018}) 15... Rb8 16. Rab1 Qd7 17. Rfe1 Kh8 18. Kh1 Nd8 19. e5 dxe5 (19... Nc6 $16) 20. Rxe5 (20. Bxe5+ $18 f6 21. Qg6 Qxd5 22. Qxh5) 20... Nc6 $14 21. Bxc6 bxc6 22. Rxb8 Rxb8 23. Qf5 Qxf5 24. Rxf5 Nxg3+ 25. hxg3 $16 {[%mdl 4096] Endgame KR-KR} Kg7 26. a4 Rb2 27. Kg2 Ra2 28. a5 f6 (28... Rb2 $14) 29. Rc5 Kf7 (29... h5 $16 30. Rxc6 Rxa5) 30. Rxc6 Rxa5 31. Rxc7+ Ke6 {[#]} 32. c4 $1 Ra4 33. d5+ Kd6 34. Rc6+ Ke7 35. c5 Rc4 $2 (35... Rd4 {was called for.} 36. d6+ Kd8) 36. Rc7+ $18 Kd8 (36... Ke8 $142 37. c6 a5) 37. Rxa7 Rxc5 38. Rf7 Rxd5 39. Rxf6 h5 {[#]} 40. Rh6 $2 (40. f4 $1 $18 {[%cal Rf4g5] is the precise move to win. Hoping for fxg5.} gxf4 41. Rxf4) 40... h4 $2 {[%mdl 8192]} (40... g4 $16 41. f4 Ke7) 41. Rh5 $2 ({Only move:} 41. Re6 $18 Kd7 42. Re4) 41... hxg3 $1 $11 {The position is equal.} 42. fxg3 {And now Kh3 would win.} Ke7 43. Kh3 {Kg4 is the strong threat.} Rd3 $1 44. Kg4 Kf6 45. Rh6+ Kg7 46. Ra6 {Black must now prevent Ra5.} Rd5 $1 47. Ra8 Rb5 48. Ra6 Rd5 49. Kh5 {Strongly threatening Rg6+.} Rd3 50. Kg4 {Black escapes into a draw. Accuracy: White = 78%, Black = 61%.} 1/2-1/2

[Event "Estonian-ch Women 2020"]
[Site "Paul Kerese Malemaja"]
[Date "2020.08.14"]
[Round "7.3"]
[White "Narva, Triin"]
[Black "Ivanova, Lidia"]
[Result "1-0"]
[WhiteElo "2107"]
[BlackElo "1430"]
[Annotator "NA"]
[PlyCount "77"]
[EventDate "2020.08.09"]
[EventCountry "EST"]
[SourceTitle "playchess.com"]
[Source "ChessBase"]
[SourceQuality "1"]
[TimeControl "40/5400+30:900+30"]

1. e4 {[%emt 0:00:00]} c6 {[%emt 0:00:00]} 2. d4 {[%emt 0:00:00]} d5 {[%emt 0:00:00]} 3. Nc3 {[%emt 0:00:00]} dxe4 {[%emt 0:00:00]} 4. Nxe4 {[%emt 0:00:00]} Bf5 {[%emt 0:00:00]} 5. Ng3 {[%emt 0:00:02]} Bg6 {[%emt 0:00:00]} 6. h4 {[%emt 0:00:29]} h6 {[%emt 0:00:04]} 7. Nf3 {[%emt 0:00:04]} Nd7 {[%emt 0:00:12]} 8. h5 {[%emt 0:00:34]} Bh7 {[%emt 0:00:11]} 9. Bd3 {[%emt 0:00:45]} Bxd3 {[%emt 0:00:08]} 10. Qxd3 {[%emt 0:00:03]} e6 {[%emt 0:00:22]} 11. Bd2 {[%emt 0:01:44]} Qc7 {[%emt 0:00:12]} 12. O-O-O {[%emt 0:03:34]} O-O-O {[%emt 0:01:08]} 13. Ne4 {[%emt 0:04:14]} Ngf6 {[%emt 0:00:25]} 14. g3 {[%emt 0:04:27]} Nxe4 {[%emt 0:00:44]} 15. Qxe4 {[%emt 0:00:05]} Nf6 {[%emt 0:00:21]} 16. Qe2 {[%emt 0:00:19]} Bd6 {[%emt 0:00:56]} 17. Kb1 {[%emt 0:03:32]} Kb8 {[%emt 0:00:33] is more profitable than 17...Rhe8 at the moment. Played by Hikaru Nakamura in July 2020. B19: Classical Caro-Kann: 4...Bf5 main line.} 18. c4 {[%emt 0:07:39]} c5 {[%emt 0:00:20]} 19. Bc3 {[%emt 0:16:07] [#]} a6 $146 {[%emt 0:50:11]} ({Predecessor:} 19... Ka8 20. dxc5 Bxc5 21. Ne5 Rc8 22. b3 a6 23. Bb2 Rhd8 24. f4 Bd6 25. g4 Ne8 {0-1 (55) Panarin,M (2562)-Nakamura,H (2736) chess.com INT 2020}) 20. Ne5 {[%emt 0:30:49]} Bxe5 {[%emt 0:01:07]} 21. dxe5 {[%emt 0:00:14]} Nd7 {[%emt 0:00:45]} 22. Rd6 {[%emt 0:01:35]} Nb6 {[%emt 0:02:58]} 23. Rhd1 {[%emt 0:13:14]} Nc8 {[%emt 0:00:31]} 24. R6d3 {[%emt 0:02:07]} Ne7 {[%emt 0:03:49]} 25. Qd2 {[%emt 0:03:14]} Kc8 {[%emt 0:00:50]} 26. Ba5 {[%emt 0:05:35]} Rxd3 {[%emt 0:17:26]} 27. Qxd3 {[%emt 0:00:04]} Qxa5 {[%emt 0:00:26]} 28. Qd7+ {[%emt 0:00:05]} Kb8 {[%emt 0:00:10]} 29. Qxe7 {[%emt 0:00:04]} Qc7 {[%emt 0:00:21]} 30. Rd7 {[%emt 0:02:47]} Qc6 {[%emt 0:00:11]} 31. a3 {[%emt 0:00:45]} (31. Qd6+ $18 Qxd6 32. exd6) 31... Qe4+ {[%emt 0:00:45]} 32. Ka1 {[%emt 0:00:22]} Qh1+ {[%emt 0:08:23]} 33. Ka2 {[%emt 0:00:07]} Qe4 {[%emt 0:00:25]} 34. Qd6+ {[%emt 0:00:44]} ({Not} 34. Qxc5 Rc8 $16) 34... Ka8 {[%emt 0:01:07]} 35. Qxc5 {[%emt 0:00:06]} Qf3 {[%emt 0:05:15]} 36. Qc7 {[%emt 0:00:56]} Rf8 {[%emt 0:00:27]} 37. a4 {[%emt 0:01:25]} Ka7 {[%emt 0:00:44]} 38. Qc5+ {[%emt 0:00:06]} Ka8 {[%emt 0:00:25]} 39. Qxf8+ {[%emt 0:00:07]} 1-0

[Event "Estonian-ch Women 2020"]
[Site "Paul Kerese Malemaja"]
[Date "2020.08.14"]
[Round "7.4"]
[White "Tonso, Liina"]
[Black "Sinitsina, Anastassia"]
[Result "0-1"]
[WhiteElo "1862"]
[BlackElo "2175"]
[Annotator "ChessBase"]
[PlyCount "54"]
[EventDate "2020.08.09"]
[EventCountry "EST"]
[SourceTitle "playchess.com"]
[Source "ChessBase"]
[SourceQuality "1"]
[TimeControl "40/5400+30:900+30"]

1. d4 {[%emt 0:00:00]} Nf6 {[%emt 0:00:00]} 2. c4 {[%emt 0:00:00]} g6 {[%emt 0:00:03]} 3. Nc3 {[%emt 0:00:00]} Bg7 {[%emt 0:00:12]} 4. e4 {[%emt 0:00:13]} d6 {[%emt 0:00:13]} 5. Nf3 {[%emt 0:00:42]} O-O {[%emt 0:00:29]} 6. Be2 {[%emt 0:00:33]} Na6 {[%emt 0:01:06]} 7. O-O {[%emt 0:01:37]} e5 {[%emt 0:01:33]} 8. a3 {[%emt 0:11:08]} exd4 {[%emt 0:01:41]} 9. Nxd4 {[%emt 0:00:14]} Nc5 {[%emt 0:00:20]} 10. f3 {[%emt 0:02:31]} a5 {[%emt 0:00:59]} 11. Be3 {[%emt 0:06:29]} a4 {[%emt 0:02:00]} 12. Qc2 {[%emt 0:10:17]} c6 {[%emt 0:02:57]} 13. Rfd1 {[%emt 0:05:16]} Qe7 {[%emt 0:02:42]} 14. Bf2 {[%emt 0:09:20]} Nfd7 {[%emt 0:03:04]} 15. Ra2 {[%emt 0:05:13]} Re8 {[%emt 0:04:00]} 16. Bf1 {[%emt 0:03:42]} Ne5 {[%emt 0:03:09]} 17. b4 {[%emt 0:03:00]} axb3 {[%emt 0:00:09]} 18. Nxb3 {[%emt 0:00:10]} Nxb3 {[%emt 0:06:30]} 19. Qxb3 {[%emt 0:00:14]} Be6 {[%emt 0:00:36]} 20. Rad2 {[%emt 0:08:28]} Qg5 {[%emt 0:08:20]} 21. Kh1 {[%emt 0:03:13]} b5 {[%emt 0:02:46]} 22. Rxd6 {[%emt 0:02:57]} Nxc4 {[%emt 0:00:14]} 23. Bxc4 {[%emt 0:01:22]} Bxc4 {[%emt 0:00:11]} 24. Qc2 {[%emt 0:01:19]} Rxa3 {[%emt 0:00:33]} 25. Bd4 {[%emt 0:02:00]} Bxd4 {[%emt 0:02:11]} 26. R1xd4 {[%emt 0:04:21]} Qe3 {[%emt 0:00:32]} 27. h3 {[%emt 0:04:57]} Rxc3 {[%emt 0:00:41]} 0-1

[Event "Estonian-ch Women 2020"]
[Site "Paul Kerese Malemaja"]
[Date "2020.08.15"]
[Round "8.2"]
[White "Olde, Margareth"]
[Black "Bashkite, Viktoria"]
[Result "1-0"]
[WhiteElo "2205"]
[BlackElo "2186"]
[Annotator "RC"]
[PlyCount "85"]
[EventDate "2020.08.09"]
[EventCountry "EST"]
[SourceTitle "playchess.com"]
[Source "ChessBase"]
[SourceQuality "1"]
[TimeControl "40/5400+30:900+30"]

1. d4 {[%emt 0:00:00]} d5 {[%emt 0:00:00]} 2. c4 {[%emt 0:00:00]} e5 {[%emt 0:00:00]} 3. dxe5 {[%emt 0:00:48]} d4 {[%emt 0:00:15]} 4. Nf3 {[%emt 0:01:28]} Nc6 {[%emt 0:00:26]} 5. Bg5 {[%emt 0:04:07]} Be7 {[%emt 0:02:37]} 6. Bxe7 {[%emt 0:00:37]} Ngxe7 {[%emt 0:00:06]} 7. g3 {[%emt 0:02:10]} Ng6 {[%emt 0:00:13]} 8. Bg2 {[%emt 0:02:14]} O-O {[%emt 0:01:05]} 9. O-O {[%emt 0:01:23]} Ngxe5 {[%emt 0:00:16]} 10. Na3 {[%emt 0:01:35]} Rb8 {[%emt 0:05:54]} 11. Nb5 {[%emt 0:07:14]} Nxc4 {[%emt 0:16:44]} 12. b3 {[%emt 0:07:50]} Nd6 {[%emt 0:01:39]} 13. Nbxd4 {[%emt 0:01:28]} Bd7 {[%emt 0:07:53]} 14. Qc2 {[%emt 0:08:32]} Re8 {[%emt 0:04:26]} 15. e3 {[%emt 0:01:59]} Rc8 {[%emt 0:14:02]} 16. Rad1 {[%emt 0:06:09]} Qf6 {[%emt 0:04:24]} 17. Nh4 {[%emt 0:02:47]} Ne5 {[%emt 0:05:35]} 18. e4 {[%emt 0:03:59]} Ng6 {[%emt 0:10:27]} 19. Nhf5 {[%emt 0:04:00]} c5 {[%emt 0:05:07]} 20. Nxd6 {[%emt 0:02:49]} Qxd6 {[%emt 0:00:13]} 21. Nf5 {[%emt 0:00:29]} Qc7 {[%emt 0:00:46]} 22. Nd6 {[%emt 0:00:34]} h5 {[%emt 0:00:36]} 23. Nxc8 {[%emt 0:01:47]} Qxc8 {[%emt 0:00:37]} 24. Rd5 {[%emt 0:01:37]} h4 {[%emt 0:02:50]} 25. Rxc5 {[%emt 0:03:23]} Bc6 {[%emt 0:00:04]} 26. f4 {[%emt 0:02:21]} hxg3 {[%emt 0:03:03]} 27. hxg3 {[%emt 0:00:08]} Qd8 {[%emt 0:01:31]} 28. Rd1 {[%emt 0:01:59]} Qb6 {[%emt 0:00:06]} 29. Qf2 {[%emt 0:01:13]} f6 {[%emt 0:01:17]} 30. Rc4 {[%emt 0:00:50]} Qa5 {[%emt 0:00:46]} 31. Rcd4 {[%emt 0:01:17]} a6 {[%emt 0:00:15]} 32. b4 {[%emt 0:01:22]} Qa3 {[%emt 0:01:10]} 33. Rd8 {[%emt 0:05:00]} Qxb4 {[%emt 0:00:15]} 34. Rxe8+ {[%emt 0:00:10]} Bxe8 {[%emt 0:00:03]} 35. Qd4 {[%emt 0:01:13]} Qa3 {[%emt 0:04:18]} 36. Qd3 {[%emt 0:01:28]} Qc5+ {[%emt 0:00:43]} 37. Kh2 {[%emt 0:00:24]} Ne7 {[%emt 0:02:30]} 38. Rd2 {[%emt 0:02:44]} Bb5 {[%emt 0:00:35]} 39. Qd6 {[%emt 0:03:57]} Qh5+ {[%emt 0:00:49]} 40. Bh3 {[%emt 0:00:00]} Bf1 {[%emt 0:00:00]} 41. Qe6+ {[%emt 0:01:15]} Kh7 {[%emt 0:00:57]} 42. Rf2 {[%emt 0:03:00]} Bxh3 {[%emt 0:01:55]} 43. Qxh3 {[%emt 0:00:08]} 1-0

[Event "Estonian-ch Women 2020"]
[Site "Paul Kerese Malemaja"]
[Date "2020.08.15"]
[Round "8.3"]
[White "Ivanova, Lidia"]
[Black "Narva, Mai"]
[Result "0-1"]
[WhiteElo "1430"]
[BlackElo "2333"]
[Annotator "TA"]
[PlyCount "76"]
[EventDate "2020.08.09"]
[EventCountry "EST"]
[SourceTitle "playchess.com"]
[Source "ChessBase"]
[SourceQuality "1"]

{[%evp 16,76,22,21,32,25,47,41,56,37,44,61,57,28,28,27,40,30,31,23,20,18,33,0,0,0,-4,0,0,-33,-33,-33,-36,-49,-26,-25,-35,-125,-120,-185,-123,-172,-154,-170,-172,-290,-282,-274,-269,-275,-152,-505,-461,-683,-664,-689,-649,-1091,-1104,-917,-736,-5211,-3541]} 1. e4 c5 2. Nf3 e6 3. d3 Nc6 4. g3 g6 5. Bg2 Bg7 6. O-O Nge7 7. c3 O-O 8. Re1 d5 9. e5 f6 {A04: Unusual lines after 1 Nf3 and King's Indian Attack.} 10. exf6 Bxf6 11. Bf4 Bd7 {White is slightly better.} 12. h4 Nf5 13. Nbd2 Qb6 {[#]} 14. Rb1 $146 ({Predecessor:} 14. Qb3 Qa6 15. a4 Rae8 16. Qb5 Be7 17. Qxa6 bxa6 18. Nb3 Rc8 19. Ne5 Nxe5 20. Bxe5 {1-0 (60) Chabert,P (1932)-Kepinski,J (1856) IECC email 2014}) 14... Rae8 15. Ne5 Nxe5 16. Bxe5 Bxe5 17. Rxe5 Qd6 18. Qe2 Ne7 19. Bh3 {[%cal Rh3e6]} Nc6 20. Rg5 Kg7 {[#] aiming for ...h6.} 21. h5 $1 Qe7 22. Qg4 (22. Rg4 {with more complications.} e5 23. Rh4 g5 24. Bxd7 Qxd7 25. h6+) 22... Rf5 23. Rxf5 exf5 24. Qd1 g5 $36 {[%mdl 2048] Black is pushing.} 25. Bg2 d4 26. c4 (26. Nb3 $15) 26... g4 $17 27. Bd5 (27. Qb3 $17) 27... b6 ({Better is} 27... Nb4 $19 28. Bxb7 Nxd3) 28. a3 Qe2 29. Qxe2 Rxe2 30. Nb3 (30. Rd1 $142) 30... Ne5 $19 31. Kf1 Rc2 32. Nc1 b5 (32... a5 $19 33. b4 Kh6 34. bxc5 bxc5) 33. cxb5 $2 {[#] Loses the game.} (33. b4 $17 {nothing else works.}) 33... Bxb5 {Black is clearly winning.} 34. b4 (34. Bb3 $142 Rd2 35. Bc4 Nxc4 36. dxc4 Bxc4+ 37. Ke1) 34... Nxd3 35. Nxd3 Bxd3+ 36. Kg1 c4 37. Re1 Be2 38. Kg2 d3 {Accuracy: White = 40%, Black = 82%.} 0-1

[Event "Estonian-ch Women 2020"]
[Site "Paul Kerese Malemaja"]
[Date "2020.08.15"]
[Round "8.4"]
[White "Blokhin, Sofia"]
[Black "Narva, Triin"]
[Result "0-1"]
[WhiteElo "1786"]
[BlackElo "2107"]
[Annotator "ChessBase"]
[PlyCount "50"]
[EventDate "2020.08.09"]
[EventCountry "EST"]
[SourceTitle "playchess.com"]
[Source "ChessBase"]
[SourceQuality "1"]
[TimeControl "40/5400+30:900+30"]

1. d4 {[%emt 0:00:00]} Nf6 {[%emt 0:00:00]} 2. c4 {[%emt 0:00:00]} d6 {[%emt 0:00:04]} 3. Nc3 {[%emt 0:00:00]} g6 {[%emt 0:00:07]} 4. e4 {[%emt 0:00:06]} Bg7 {[%emt 0:00:08]} 5. f3 {[%emt 0:00:26]} O-O {[%emt 0:01:38]} 6. g4 {[%emt 0:03:39]} e5 {[%emt 0:04:51]} 7. g5 {[%emt 0:06:46]} Nh5 {[%emt 0:04:40]} 8. Nge2 {[%emt 0:04:57]} Nc6 {[%emt 0:23:36]} 9. d5 {[%emt 0:04:14]} Nd4 {[%emt 0:03:45]} 10. Nxd4 {[%emt 0:07:31]} exd4 {[%emt 0:00:16]} 11. Nb5 {[%emt 0:02:24]} f5 {[%emt 0:05:14]} 12. Nxd4 {[%emt 0:05:32]} fxe4 {[%emt 0:04:02]} 13. fxe4 {[%emt 0:00:48]} Qe7 {[%emt 0:02:31]} 14. Bg2 {[%emt 0:10:04]} Qe5 {[%emt 0:03:30]} 15. Be3 {[%emt 0:05:04]} Nf4 {[%emt 0:21:11]} 16. Qd2 {[%emt 0:13:11]} Qxg5 {[%emt 0:01:13]} 17. Bf3 {[%emt 0:04:26]} Qh4+ {[%emt 0:05:58]} 18. Kd1 {[%emt 0:02:24]} Nh3 {[%emt 0:03:53]} 19. Rf1 {[%emt 0:11:39]} Bg4 {[%emt 0:00:24]} 20. Ke2 {[%emt 0:05:43]} Bxf3+ {[%emt 0:02:23]} 21. Nxf3 {[%emt 0:00:47]} Qxe4 {[%emt 0:00:17]} 22. Nd4 {[%emt 0:04:11]} Bxd4 {[%emt 0:01:20]} 23. Qxd4 {[%emt 0:02:16]} Qg2+ {[%emt 0:00:24]} 24. Bf2 {[%emt 0:01:32]} Rae8+ {[%emt 0:00:06]} 25. Kd2 {[%emt 0:01:15]} Nxf2 {[%emt 0:01:28]} 0-1